000 nam a22 7a 4500
999 _c40484
_d40484
005 20181016150100.0
008 171113b xxu||||| |||| 00| 0 eng d
040 _aANE
041 _aEs
082 _a863 S182
110 _aSalvat S.A
245 _aCuentos de navidad
_bEl Grillo del hogar
_cSalvat S.A
260 _aNavarra
_bSalvat S.A
_c1970
300 _a186 p.
500 _aÍndice
500 _aPrologo
942 _2ddc
_cBK
_zNr.